| 000 | 00876naa a22002417a 4500 | ||
|---|---|---|---|
| 001 | vtls000029723 | ||
| 003 | ES-BaIT | ||
| 005 | 20251127103104.0 | ||
| 007 | t| | ||
| 008 | 111114s1996 xxu|||||| |00| |eng|d | ||
| 010 | _a29723 | ||
| 035 |
_a0029-72360 _9ES-BaIT035 |
||
| 039 | 9 |
_a201403072325 _bVLOAD _c201303092021 _dVLOAD _c201111141545 _dVLOAD _y201110052309 _zVLOAD |
|
| 100 | 1 |
_aRosenthal, Rachel _943479 |
|
| 245 | 1 | 0 |
_aPangean dreams : _ba shamanic journey / _cRachel Rosenthal |
| 500 | _aP1: D1 | ||
| 500 | _aEstrena 1990-09 Museum of Art (Santa Monica), dir. Rachel Rosenthal | ||
| 773 | 0 |
_aPlays for the end of the century / edited, with an introduction, by Bonnie Marranca _dLondon : Johns Hopkins University, cop.1996 _wvtls000029229 _z0-8018-5108-4 _025476 |
|
| 790 | _w0029-22960 | ||
| 790 | _a002922960 | ||
| 917 | _aFalta matèries. Cat. rev | ||
| 999 |
_c25907 _d25907 |
||
| 942 | _cART | ||